01438 2200409 4500001002100000005001500021035002000036007000300056008004100059020002200100082001700122084001900139100003100158245021500189250003600404300004000440700003800480700002800518700002800546700002900574700002700603700002900630700003500659700003000694700003200724264004200756336002100798337003000819338002300849040002200872090002200894850001200916999002200928504003300950651002300983990002201006INLIS00000000090207820260127023027 a0010-0126001011ta260127s2024 yoia g | ind d a978-623-185-446-904223a959.8262 a959.8262 THO p0 aThomas SutasmanePengarang10aPernik-pernik sejarah Cilacap /cThomas Sutasman, Riyadh Ginanjar Widodo, Erdi Yunanto, Soni Failani, Sindu Pramono, Ira Soediro, Wawan Sumitro, Bangkit Setiyo Budi, Sigit Prasetyo; penyunting, Thomas Sutasman aCetakan Pertama, September 2024 axiv, 256 halaman :bgambar ;c20 cm0 aRiyadh Ginanjar WidodoePengarang0 aErdi YunantoePengarang0 aSoni FailaniePengarang0 aSindu PramonoePengarang0 aIra SoediroePengarang0 aWawan SumitroePengarang0 aBangkit Setiyo BudiePengarang0 aSigit PrasetyoePengarang0 aThomas SutasmanePenyunting31aYogyakarta :bPustaka Egaliter,c2024 2rdacontentateks 2rdamediaatanpa perantara 2rdacarrieravolume aYOPDYOGbinderda aCB-D.11 2024-7294 aYOPDYOG aCB-D.11/2024-7294 aBibliografi: halaman 246-251 4aCilacap--ySejarah aCB-D.11/2024-7294